Costos y presupuestos para edificaciones con Excel 2010 - S10 - Project 2010

Saved in:
Bibliografiske detaljer
Hovedforfatter: Eyzaguirre Acosta, Carlos (Author)
Format: Bog
Sprog:spansk
Udgivet: Lima Empresa Editora Macro 2010
Udgivelse:1a. ed
Fag:
Tags: Tilføj Tag
Ingen Tags, Vær først til at tagge denne postø!

MARC

LEADER 00000cam a2200000 a 4500
001 UCE2990
003 CL-VaPUC
008 140807e20100000pe |||||||||||||||||spa|d
020 |a 9786124034732 
082 0 4 |a 657.42  |b EYZ  |2 21 
100 0 |a Eyzaguirre Acosta, Carlos  |e author  |9 575536 
245 1 0 |a Costos y presupuestos para edificaciones con Excel 2010 - S10 - Project 2010 
250 |a 1a. ed 
300 |a 383 p 
942 |c BK 
945 |d 20140807 14:45:00  |a arojas 
260 |a Lima  |b Empresa Editora Macro  |c 2010 
500 |a Incluye Cd-multimedia 
650 0 |a Análisis de costos  |9 315627 
650 0 |a Contabilidad de costos   |9 260564 
650 0 |a Costos   |9 261063 
650 0 |a Presupuestos  |9 262669 
583 |a last modification  |c 20140807 14:45:00  |k Rodrigo Vera 
999 |c 356504  |d 356502